1857 1877 1562 1833 1173 1842 1917 1803 1998 1586 1038 1613 1630 1536 1730 1773 1722 1861 1824 1863 1493 1682 1913 1797 1152 1528 1093 1628 1419 1676 1968 1735 1097 1974 1288 1918 1540 1190 1084 1362 1371 1427 1031 1188 1219 1599 1312 1877 1929 1330 1685 1998 1848 1677 1176 1168 1930 1011 1651 1412 1063 1056 1344 1786 1783 1490 1363 1692 1676 1142 1407 1399 1908 1297 1610 1428 1720 1049 1418 1337 1951 1667 1314 1524 1727 1843 1978 1469 1653 1443 1476 1937 1356 1260 1821 1975 1423 1084 1000 BCNSPRNW ULIB Ver.6.0+V

เปลี่ยนเป็นภาษาไทย

Change to English
 แสดงรายละเอียดบรรณานุกรม
  กลับหน้าหลัก

Brief Record : Get Marc (ISO 2709) : E-mail record : QR code < ปิดหน้าต่าง
LEADER : 00000nam 2200000uu 4500
001    13399120714
003     ULIB
008    020711s2551 th a 000 0 tha d
020    9789741676453
050  4 BQ5220^bย126พ
100    ยงยุทธ ขำคง
245    พ่อสอนให้ลูกเอาตัวรอด /^cยงยุทธ ขำคง
250    พิมพ์ครั้งที่ 1
260    กรุงเทพฯ :^bสมาร์ทบุ๊คส์,^c2551
300    279 หน้า
650  7 การดำเนินชีวิต
650  7 จิตวิทยาประยุกต์
945    ^p180^l0^i15737
995    ทศพร
999    ^aทศพร เกษรทอง
รายการนี้ยังไม่มีแท็ก
คุณยังไม่ได้ล็อกอิน คุณสามารถมีกิจกรรมร่วมกับเว็บไซต์ได้ แต่ต้องล็อกอินก่อน ::
  ล็อกอิน

รายการสื่อสารสนเทศ

ลำดับที่ ประเภท เลขเรียก/บาร์โค้ด สถานที่ สถานะ
1. วิทยาศาสตร์การแพทย์ และสุขภาพ
วิทยาศาสตร์การแพทย์ และสุขภาพ
BQ5220 ย126พ ฉ.1 
  Barcode: 15737
ห้องสมุดวิทยาเขตสวรรค์ประชารักษ์
►หนังสือทั่วไป
บนชั้น

รายการใกล้เคียง
    หัวเรื่อง [การดำเนินชีวิต]
    หัวเรื่อง [จิตวิทยาประยุกต์]

BibComment


ยังไม่เคยถูกคอมเมนท์

คอมเมนท์ทรัพยากรรายการนี้
  คอมเมนท์: พ่อสอนให้ลูกเอาตั..


 Copyright 2026. Bcnsprnw @Library